[Event "OLNN 2324 TV Fischbek - Schachfreunde HH"]
[Site "?"]
[Date "2023.12.03"]
[Round "3.2"]
[White "de Voogt, Juergen"]
[Black "Hourigan, Gerrit"]
[Result "0-1"]
[WhiteElo "2256"]
[BlackElo "2253"]
[PlyCount "118"]
[EventDate "2023.??.??"]

1. e4 c6 2. d4 d5 3. e5 c5 4. dxc5 e6 5. Be3 Nd7 6. Nf3 Bxc5 7. Bxc5 Nxc5 8. c4 Ne7 9. Nc3 O-O 10. cxd5 Nxd5 11. Nxd5 exd5 12. Qd4 Ne6 13. Qd2 f6 14. Rd1 fxe5 15. Qxd5 Qxd5 16. Rxd5 e4 17. Nd2 Nf4 18. Rd4 Be6 19. b3 Rac8 20. Nxe4 Rc2 21. Rd2 Rc1+ 22. Rd1 Rfc8 23. f3 R8c2 24. Rxc1 Rxc1+ 25. Kd2 Ra1 26. Nc3 Nd5 27. a4 Nxc3 28. Kxc3 Rb1 29. Kc2 Rxb3 30. Bb5 Ra3 31. Rd1 Ra2+ 32. Kc3 Rxg2 33. Rd8+ Kf7 34. Rb8 Bd5 35. f4 Rxh2 36. Kd4 Bh1 37. Ke5 Rh5+ 38. f5 g6 39. Bc4+ Ke7 40. Be6 gxf5 41. Bxf5 Bc6 42. Rh8 Bxa4 43. Rxh7+ Rxh7 44. Bxh7 Kd7 45. Kd5 Bc6+ 46. Kc5 b6+ 47. Kd4 Kd6 48. Bd3 Bb7 49. Be2 a6 50. Bd3 b5 51. Be2 Kc6 52. Bh5 Kb6 53. Bf7 a5 54. Bc4 b4 55. Bb3 Bc6 56. Bc2 Be8 57. Bd1 Kb5 58. Bg4 Ka4 59. Be6 Ka3 0-1

[Event "OLNN 2324 TV Fischbek - Schachfreunde HH"]
[Site "?"]
[Date "2023.12.03"]
[Round "3.3"]
[White "Ritscher, Jan-Paul"]
[Black "Kneip, Jakob"]
[Result "1/2-1/2"]
[WhiteElo "2242"]
[BlackElo "2154"]
[PlyCount "61"]
[EventDate "2023.??.??"]

1. d4 d5 2. c4 c6 3. Nf3 Nf6 4. Nc3 e6 5. e3 Nbd7 6. Be2 Bd6 7. Qc2 dxc4 8. a4 O-O 9. Bxc4 e5 10. O-O a5 11. h3 h6 12. e4 exd4 13. Nxd4 Ne5 14. Be2 Bc5 15. Nb3 Bb6 16. Bf4 Qe7 17. Rad1 Re8 18. Rfe1 Qb4 19. Nc1 Bc7 20. b3 Be6 21. Be3 Ng6 22. Bd3 Rad8 23. N3e2 Nd7 24. Qd2 Qxd2 25. Rxd2 Bd6 26. Rdd1 Bb4 27. Rf1 Nc5 28. Bc2 Bc8 29. f3 b6 30. Rd4 Ne6 31. Rxd8 1/2-1/2

[Event "OLNN 2324 TV Fischbek - Schachfreunde HH"]
[Site "?"]
[Date "2023.12.03"]
[Round "3.4"]
[White "Rolf, Marco"]
[Black "Hermesmann, Hans"]
[Result "1/2-1/2"]
[WhiteElo "2027"]
[BlackElo "2235"]
[PlyCount "31"]
[EventDate "2023.??.??"]

1. d4 g6 2. e4 Bg7 3. Nc3 d6 4. Be3 a6 5. Qd2 b5 6. O-O-O Nd7 7. h4 h6 8. Nh3 Bb7 9. f3 c5 10. dxc5 dxc5 11. Nf4 c4 12. Nfd5 e6 13. Bd4 Ngf6 14. Nxf6+ Nxf6 15. g4 Qc7 16. Bg2 1/2-1/2

[Event "OLNN 2324 TV Fischbek - Schachfreunde HH"]
[Site "?"]
[Date "2023.12.03"]
[Round "3.5"]
[White "Andersen, Jens Knud"]
[Black "Brandt, Carina"]
[Result "1/2-1/2"]
[WhiteElo "2182"]
[BlackElo "2060"]
[PlyCount "46"]
[EventDate "2023.??.??"]

1. e4 e6 2. d4 d5 3. Nd2 Be7 4. Bd3 Nf6 5. e5 Nfd7 6. c3 c5 7. f4 cxd4 8. cxd4 Nc6 9. Ndf3 Nb4 10. Bb1 Qa5 11. Bd2 Nb6 12. b3 Qa3 13. Ne2 Bd7 14. Bc1 Qa6 15. Bb2 Bb5 16. Nc1 Qa5 17. Kf2 Nd7 18. a3 Nc6 19. Na2 Qb6 20. Nc3 Ba6 21. h4 Rc8 22. Na4 Qb5 23. Nc3 Qb6 1/2-1/2

[Event "OLNN 2324 TV Fischbek - Schachfreunde HH"]
[Site "?"]
[Date "2023.12.03"]
[Round "3.6"]
[White "Schneider, Alexander"]
[Black "Bokelbrink, Uwe"]
[Result "0-1"]
[WhiteElo "2087"]
[BlackElo "2217"]
[PlyCount "62"]
[EventDate "2023.??.??"]

1. e4 c5 2. Nf3 Nc6 3. d4 cxd4 4. Nxd4 e5 5. Nb5 d6 6. N1c3 a6 7. Na3 Be7 8. Nc4 b5 9. Ne3 Nf6 10. Ned5 O-O 11. Nxe7+ Nxe7 12. Bg5 Bb7 13. Bxf6 gxf6 14. Nd5 Bxd5 15. exd5 Rc8 16. Qg4+ Kh8 17. Bd3 Rg8 18. Qf3 f5 19. Bxf5 Nxf5 20. Qxf5 Rxg2 21. h4 Rc4 22. Qf3 Rgg4 23. O-O-O Rcf4 24. Qe3 Qf6 25. Qh3 h5 26. Rdg1 Rf3 27. Rg3 Qf4+ 28. Kb1 Rxf2 29. Re3 Rh2 30. Qf1 Rxh1 31. Qxh1 Qf2 0-1

[Event "OLNN 2324 TV Fischbek - Schachfreunde HH"]
[Site "?"]
[Date "2023.12.03"]
[Round "3.7"]
[White "Gremmel, Jonas Simon"]
[Black "Peters, Thomas"]
[Result "1-0"]
[WhiteElo "2071"]
[BlackElo "1907"]
[PlyCount "101"]
[EventDate "2023.??.??"]

1. d4 d5 2. Nf3 Nf6 3. c4 c6 4. Nc3 e6 5. e3 Be7 6. Be2 O-O 7. O-O dxc4 8. a4 c5 9. Bxc4 Nc6 10. Ne5 Bd7 11. Nxd7 Qxd7 12. dxc5 Qxd1 13. Rxd1 Bxc5 14. Bd2 Rfd8 15. Be2 Rd7 16. Be1 Rad8 17. Kf1 Nb4 18. Rxd7 Rxd7 19. Nb5 Nc6 20. Rc1 Be7 21. Bf3 Nd5 22. Ke2 f5 23. Rd1 Kf7 24. Nc3 Nxc3+ 25. Bxc3 Rxd1 26. Kxd1 Bf6 27. Kc2 e5 28. Bxc6 bxc6 29. Kb3 Ke6 30. Kb4 Kd7 31. Ka5 Kc7 32. Ka6 Kb8 33. b3 e4 34. Bb4 Be5 35. h3 Bh2 36. f3 exf3 37. gxf3 Bg1 38. Bd6+ Ka8 39. e4 fxe4 40. fxe4 h5 41. Bf4 Bd4 42. Bc7 g5 43. e5 g4 44. hxg4 hxg4 45. e6 Bf6 46. Bd6 g3 47. Bxg3 Be7 48. Be5 c5 49. Bf4 c4 50. bxc4 Bd8 51. Be3 1-0

[Event "OLNN 2324 TV Fischbek - Schachfreunde HH"]
[Site "?"]
[Date "2023.12.03"]
[Round "3.8"]
[White "Serrer, David"]
[Black "Mix, Clemens"]
[Result "1/2-1/2"]
[WhiteElo "1851"]
[BlackElo "2051"]
[PlyCount "43"]
[EventDate "2023.??.??"]

1. d4 Nf6 2. c4 e6 3. Nc3 Bb4 4. e3 d5 5. a3 Bxc3+ 6. bxc3 O-O 7. Nf3 c5 8. Bd3 Nc6 9. O-O dxc4 10. Bxc4 Qc7 11. Qe2 Rd8 12. Rd1 b6 13. e4 Bb7 14. Bg5 Rd7 15. Bxf6 gxf6 16. d5 exd5 17. Bxd5 Ne7 18. Bxb7 Qxb7 19. Rxd7 Qxd7 20. Rd1 Qe6 21. Rd3 Ng6 22. g3 1/2-1/2

[Event "OLNN 2324 FC St. Pauli II - SK Johanneum"]
[Site "?"]
[Date "2023.12.03"]
[Round "3.1"]
[White "Keyser, Robin"]
[Black "Trisic, Aleksandar"]
[Result "1/2-1/2"]
[WhiteElo "2132"]
[BlackElo "2257"]
[PlyCount "74"]
[EventDate "2023.??.??"]

1. d4 Nf6 2. c4 g6 3. g3 Bg7 4. Bg2 O-O 5. Nc3 d6 6. Nf3 Nc6 7. O-O a6 8. b3 Rb8 9. d5 Na5 10. Bg5 c5 11. dxc6 Nxc6 12. Rc1 h6 13. Bd2 Bd7 14. Nd5 Ne4 15. Be3 f5 16. Nd2 Nf6 17. Nxf6+ Rxf6 18. c5 g5 19. cxd6 Rxd6 20. Bc5 Rg6 21. Nc4 Qe8 22. Bf3 g4 23. Bd5+ Be6 24. Bb6 Qf7 25. Bg2 Rc8 26. Na5 Nxa5 27. Bxa5 Rxc1 28. Qd8+ Kh7 29. Rxc1 b5 30. Bc6 Qf6 31. Be8 Bf7 32. Bc3 Qg5 33. Bd2 Qf6 34. Rc6 Qa1+ 35. Rc1 Qf6 36. Rc6 Qa1+ 37. Rc1 Qf6 1/2-1/2

[Event "OLNN 2324 FC St. Pauli II - SK Johanneum"]
[Site "?"]
[Date "2023.12.03"]
[Round "3.2"]
[White "Jahncke, Giso"]
[Black "Zart, Ruediger"]
[Result "1-0"]
[WhiteElo "2239"]
[BlackElo "2163"]
[PlyCount "121"]
[EventDate "2023.??.??"]

1. d4 d5 2. Nf3 Nf6 3. Bf4 c5 4. e3 e6 5. c4 Nc6 6. Nc3 cxd4 7. Nxd4 Bb4 8. Be2 O-O 9. O-O Nxd4 10. Qxd4 dxc4 11. Qxc4 Bxc3 12. bxc3 Qa5 13. Bd6 Re8 14. Rab1 Nd5 15. Bb4 Qd8 16. Rfd1 Bd7 17. Bf3 Qf6 18. e4 Nb6 19. Qc7 Bc6 20. e5 Qf5 21. Bxc6 bxc6 22. Bd6 Rec8 23. Qb7 Nd5 24. Qb2 Nf4 25. f3 Nd5 26. c4 Nf4 27. g3 Nh3+ 28. Kg2 Ng5 29. Qe2 f6 30. g4 Qf4 31. exf6 Qxf6 32. Rb7 Nf7 33. Be7 Qe5 34. Qd2 Rc7 35. Rdb1 Rac8 36. c5 h5 37. g5 Qf5 38. h4 Ne5 39. Qd1 Rxb7 40. Rxb7 Ng6 41. Qa4 Qf7 42. Qxa7 Nxh4+ 43. Kf2 Qxf3+ 44. Ke1 Ng2+ 45. Kd2 Qe3+ 46. Kc2 Qe2+ 47. Kb3 Ne3 48. Bf6 Qd1+ 49. Ka3 Qd3+ 50. Rb3 Nc4+ 51. Kb4 Qd2+ 52. Bc3 Qxg5 53. Rb1 Ne3 54. Ka3 Nd5 55. Bd4 Rc7 56. Qb8+ Kh7 57. Rh1 Qg4 58. Qb1+ g6 59. Qd3 Ra7+ 60. Kb3 Qg2 61. Rxh5+ 1-0

[Event "OLNN 2324 FC St. Pauli II - SK Johanneum"]
[Site "?"]
[Date "2023.12.03"]
[Round "3.3"]
[White "Schroeder, Christoph"]
[Black "Breyther, Ruediger"]
[Result "1/2-1/2"]
[WhiteElo "2176"]
[BlackElo "2257"]
[PlyCount "58"]
[EventDate "2023.??.??"]

1. e4 c5 2. Nf3 e6 3. d4 cxd4 4. Nxd4 Nc6 5. Nc3 Qc7 6. g3 a6 7. Bg2 Nf6 8. O-O Nxd4 9. Qxd4 Bc5 10. Bf4 d6 11. Qd2 h6 12. Rad1 e5 13. Be3 Bb4 14. Nb5 axb5 15. Qxb4 Rxa2 16. Qxb5+ Bd7 17. Qb3 Ra6 18. Ra1 O-O 19. Rxa6 bxa6 20. Qb6 Qxb6 21. Bxb6 Rc8 22. c3 Kf8 23. Rd1 Ke7 24. f3 Bb5 25. Ba5 Bc4 26. Bb4 Rc6 27. f4 Nd7 28. Bh3 f6 29. Bxd7 Kxd7 1/2-1/2

[Event "OLNN 2324 FC St. Pauli II - SK Johanneum"]
[Site "?"]
[Date "2023.12.03"]
[Round "3.4"]
[White "Richter, Maik"]
[Black "Behrhorst, Frank"]
[Result "1/2-1/2"]
[WhiteElo "2180"]
[BlackElo "2208"]
[PlyCount "39"]
[EventDate "2023.??.??"]

1. e4 Nf6 2. e5 Nd5 3. d4 d6 4. Nf3 dxe5 5. Nxe5 c6 6. Bd3 Nd7 7. Nf3 N7f6 8. h3 Nb4 9. Bc4 Bf5 10. Bb3 e6 11. O-O h6 12. Re1 Be7 13. Nbd2 O-O 14. Nf1 a5 15. a4 Bd6 16. Qe2 Re8 17. Ne5 Qc7 18. c3 Nbd5 19. Qe3 c5 20. Ng3 1/2-1/2

[Event "OLNN 2324 FC St. Pauli II - SK Johanneum"]
[Site "?"]
[Date "2023.12.03"]
[Round "3.5"]
[White "Wirthgen, Peter"]
[Black "Reuber, Artur"]
[Result "1-0"]
[WhiteElo "2112"]
[BlackElo "2133"]
[PlyCount "51"]
[EventDate "2023.??.??"]

1. d4 e6 2. c4 f5 3. Nf3 Nf6 4. g3 Be7 5. Bg2 O-O 6. O-O d6 7. Nc3 Ne4 8. Nxe4 fxe4 9. Nd2 d5 10. f3 Nc6 11. e3 exf3 12. Rxf3 Bf6 13. Rb1 a5 14. a3 dxc4 15. Qf1 Kh8 16. Ne4 Be7 17. Rxf8+ Bxf8 18. Qxc4 Bd7 19. Bd2 h6 20. Rf1 Qe8 21. Bc3 Rb8 22. d5 exd5 23. Qxd5 Qe6 24. Qh5 Re8 25. Rf6 gxf6 26. Bxf6+ 1-0

[Event "OLNN 2324 FC St. Pauli II - SK Johanneum"]
[Site "?"]
[Date "2023.12.03"]
[Round "3.6"]
[White "Mitscherling, Andreas"]
[Black "Schueler, Hendrik"]
[Result "1/2-1/2"]
[WhiteElo "2130"]
[BlackElo "2050"]
[PlyCount "29"]
[EventDate "2023.??.??"]

1. d4 d5 2. Bf4 c5 3. c3 Nc6 4. e3 Nf6 5. Nf3 Bg4 6. Nbd2 cxd4 7. exd4 e6 8. Qb3 Qc8 9. Bd3 Be7 10. O-O Bh5 11. Rfe1 Bg6 12. Bxg6 hxg6 13. h3 O-O 14. a4 b6 15. Ne5 1/2-1/2

[Event "OLNN 2324 FC St. Pauli II - SK Johanneum"]
[Site "?"]
[Date "2023.12.03"]
[Round "3.7"]
[White "Zobel, Andrej"]
[Black "Thieme, Daniel Otis"]
[Result "1-0"]
[WhiteElo "2082"]
[BlackElo "2114"]
[PlyCount "95"]
[EventDate "2023.??.??"]

1. d4 Nf6 2. c4 e6 3. Nc3 Bb4 4. f3 d5 5. a3 Bxc3+ 6. bxc3 O-O 7. cxd5 exd5 8. e3 c5 9. Bd3 Re8 10. Ne2 Nc6 11. O-O Bd7 12. Ng3 Na5 13. e4 cxd4 14. cxd4 dxe4 15. fxe4 Qb6 16. Be3 Ng4 17. Qf3 Nxe3 18. Qxe3 Nb3 19. Rab1 Qxd4 20. Qxd4 Nxd4 21. Rxb7 Be6 22. Rc1 g6 23. Rcc7 a5 24. Kf2 Rec8 25. Ke3 Rd8 26. Nf1 a4 27. Nd2 Nb3 28. Nc4 Rab8 29. Ra7 Rd4 30. Ne5 Rbd8 31. Bb5 Nd2 32. Nd7 Bxd7 33. Bxd7 Nb3 34. e5 Rd1 35. e6 Re1+ 36. Kf2 Re5 37. exf7+ Kf8 38. Bg4 Rd2+ 39. Kg3 Rd8 40. Rxa4 h5 41. Bf3 Nd4 42. Raa7 Nf5+ 43. Kf4 Re7 44. Rxe7 Nxe7 45. Ra8 Rxa8 46. Bxa8 Kxf7 47. Kg5 Nf5 48. Be4 1-0

[Event "OLNN 2324 FC St. Pauli II - SK Johanneum"]
[Site "?"]
[Date "2023.12.03"]
[Round "3.8"]
[White "Kohtz, Andreas"]
[Black "Miller, Jonathan"]
[Result "1/2-1/2"]
[WhiteElo "1996"]
[BlackElo "1804"]
[PlyCount "37"]
[EventDate "2023.??.??"]

1. d4 d5 2. Bf4 c5 3. c3 Nc6 4. e3 Nf6 5. Nd2 cxd4 6. exd4 Bg4 7. Qb3 Qc8 8. Ngf3 a6 9. Bd3 e6 10. a4 Be7 11. O-O O-O 12. Rfe1 Bh5 13. Ne5 Nxe5 14. Bxe5 Bg6 15. Bf1 Ne4 16. Nxe4 Bxe4 17. Rad1 Rd8 18. Bd3 Bg6 19. Bxg6 1/2-1/2

[Event "OLNN 2324 SF Schwerin - SK Norderstedt"]
[Site "?"]
[Date "2024.01.14"]
[Round "4.1"]
[White "Barski, Radoslaw"]
[Black "Reichmann, Hendrik"]
[Result "1-0"]
[WhiteElo "2440"]
[BlackElo "2309"]
[PlyCount "67"]
[EventDate "2024.??.??"]

1. e4 c5 2. Nf3 e6 3. b3 Nc6 4. Bb2 d6 5. Nc3 Nf6 6. d4 cxd4 7. Nxd4 Be7 8. Qd2 O-O 9. O-O-O a6 10. Kb1 Qc7 11. f4 Nxd4 12. Qxd4 b5 13. Bd3 Bb7 14. f5 Rad8 15. Qe3 e5 16. Qf3 Qc6 17. Rde1 b4 18. Nd5 Nxd5 19. exd5 Qc5 20. f6 Bxf6 21. Qf5 Rfe8 22. Qxh7+ Kf8 23. g4 Ke7 24. g5 Bxg5 25. Bxe5 dxe5 26. Rxe5+ Kd6 27. Rxg5 Qf2 28. Qxg7 f6 29. Rgg1 Rg8 30. Qxg8 Rxg8 31. Rxg8 Bxd5 32. Rf1 Qxh2 33. Rd8+ Kc5 34. Rf5 1-0

[Event "OLNN 2324 SF Schwerin - SK Norderstedt"]
[Site "?"]
[Date "2024.01.14"]
[Round "4.2"]
[White "Rittemann, Steffen"]
[Black "Ostrovskiy, Andrey"]
[Result "0-1"]
[WhiteElo "2180"]
[BlackElo "2420"]
[PlyCount "48"]
[EventDate "2024.??.??"]

1. e4 e5 2. Bc4 Nf6 3. d3 Nc6 4. Nc3 Na5 5. Bb3 Bb4 6. f4 Nxb3 7. axb3 exf4 8. Bxf4 d5 9. exd5 Nxd5 10. Bd2 O-O 11. Qf3 Re8+ 12. Nge2 Bxc3 13. bxc3 Qh4+ 14. Qf2 Qh5 15. Kf1 b6 16. Ng3 Qg6 17. Ne4 f5 18. Ng3 f4 19. Ne4 Bf5 20. c4 Ne3+ 21. Bxe3 fxe3 22. Qxe3 Bxe4 23. dxe4 Rxe4 24. Qd3 Qf6+ 0-1

[Event "OLNN 2324 SF Schwerin - SK Norderstedt"]
[Site "?"]
[Date "2024.01.14"]
[Round "4.3"]
[White "Trent, Lawrence"]
[Black "Leisner, Hannes"]
[Result "1-0"]
[WhiteElo "2406"]
[BlackElo "2162"]
[PlyCount "51"]
[EventDate "2024.??.??"]

1. Nc3 Nf6 2. d4 d6 3. e4 e5 4. Nf3 exd4 5. Qxd4 Be7 6. Bg5 O-O 7. O-O-O Nc6 8. Qd2 a6 9. Bd3 Be6 10. h4 Ng4 11. Rh3 f6 12. Bf4 b5 13. Nd5 Nge5 14. Rg3 Kh8 15. h5 Nxf3 16. gxf3 Rf7 17. Qc3 Bxd5 18. exd5 Ne5 19. Bf5 Bf8 20. Be3 a5 21. f4 b4 22. Qd4 Nd7 23. Be6 Re7 24. f5 Nc5 25. Rdg1 Nxe6 26. dxe6 1-0

[Event "OLNN 2324 SF Schwerin - SK Norderstedt"]
[Site "?"]
[Date "2024.01.14"]
[Round "4.4"]
[White "Schulz, Karsten"]
[Black "Kopylov, Michael"]
[Result "1/2-1/2"]
[WhiteElo "2276"]
[BlackElo "2354"]
[PlyCount "50"]
[EventDate "2024.??.??"]

1. Nf3 Nf6 2. c4 e6 3. g3 d5 4. Bg2 Be7 5. O-O O-O 6. cxd5 exd5 7. d3 Re8 8. Nc3 d4 9. Nb5 Nc6 10. Bf4 Nd5 11. Bd2 Bf6 12. Rc1 Bg4 13. h3 Be6 14. Rxc6 bxc6 15. Nbxd4 Qd7 16. Nxe6 Qxe6 17. e4 Nb6 18. e5 Bxe5 19. Nxe5 Qxe5 20. Bxc6 Qxb2 21. Bf4 Qxa2 22. Bxe8 Rxe8 23. Re1 Rxe1+ 24. Qxe1 Qe6 25. Qa5 h6 1/2-1/2

[Event "OLNN 2324 SF Schwerin - SK Norderstedt"]
[Site "?"]
[Date "2024.01.14"]
[Round "4.5"]
[White "Meyer, Falko"]
[Black "Grahl, Arvid"]
[Result "1/2-1/2"]
[WhiteElo "2229"]
[BlackElo "2114"]
[PlyCount "33"]
[EventDate "2024.??.??"]

1. d4 Nf6 2. Nc3 d5 3. Bg5 Nbd7 4. Qd3 h6 5. Bf4 c5 6. O-O-O cxd4 7. Qxd4 e6 8. e4 Bc5 9. Qd3 O-O 10. exd5 exd5 11. Nf3 Ng4 12. Bg3 Bxf2 13. h3 Bxg3 14. hxg4 Nc5 15. Qd4 Ne6 16. Qxd5 Qxd5 17. Nxd5 1/2-1/2

[Event "OLNN 2324 SF Schwerin - SK Norderstedt"]
[Site "?"]
[Date "2024.01.14"]
[Round "4.6"]
[White "Heinsohn, Wilfried"]
[Black "Zierke, Oliver"]
[Result "1/2-1/2"]
[WhiteElo "2105"]
[BlackElo "2189"]
[PlyCount "28"]
[EventDate "2024.??.??"]

1. e4 c5 2. Nc3 Nc6 3. Bb5 Nd4 4. Bc4 g6 5. Nf3 Bg7 6. Nxd4 cxd4 7. Qf3 e6 8. Nb5 d6 9. Qa3 Ke7 10. c3 Qb6 11. Nxd4 Bxd4 12. cxd4 Qxd4 13. d3 Qc5 14. Qc3 Qe5 1/2-1/2

[Event "OLNN 2324 SF Schwerin - SK Norderstedt"]
[Site "?"]
[Date "2024.01.14"]
[Round "4.7"]
[White "Michna, Christian"]
[Black "Rossmann, Helmut"]
[Result "1-0"]
[WhiteElo "2190"]
[BlackElo "2239"]
[PlyCount "65"]
[EventDate "2024.??.??"]

1. d4 d6 2. e4 Nf6 3. Nc3 e5 4. Nf3 Nbd7 5. Bc4 Be7 6. O-O O-O 7. Re1 c6 8. a4 a5 9. b3 Nb6 10. Bd3 Bg4 11. dxe5 dxe5 12. h3 Bxf3 13. Qxf3 Bb4 14. Bb2 Qe7 15. Red1 Nbd7 16. Ne2 Nc5 17. Ng3 Nxd3 18. Nf5 Qe6 19. Rxd3 Rfd8 20. Rad1 Rxd3 21. Rxd3 g6 22. Ne3 b5 23. axb5 cxb5 24. Nd5 Ne8 25. Rd1 f6 26. Qd3 Rb8 27. Ra1 Nd6 28. c3 Bc5 29. Rxa5 f5 30. exf5 Nxf5 31. c4 Nd4 32. b4 bxc4 33. Qxc4 1-0

[Event "OLNN 2324 SF Schwerin - SK Norderstedt"]
[Site "?"]
[Date "2024.01.14"]
[Round "4.8"]
[White "Helms, Sven"]
[Black "Deniz, Mehmet Yavuz"]
[Result "1/2-1/2"]
[WhiteElo "1898"]
[BlackElo "1706"]
[PlyCount "35"]
[EventDate "2024.??.??"]

1. e4 c6 2. d4 d5 3. Nc3 dxe4 4. Nxe4 Nf6 5. Nxf6+ exf6 6. Nf3 Bd6 7. Bd3 O-O 8. O-O Bg4 9. c3 Bc7 10. h3 Bh5 11. g4 Bg6 12. Bxg6 hxg6 13. Qb3 b6 14. Bd2 Qd6 15. Rae1 Nd7 16. Re4 Qd5 17. Qxd5 cxd5 18. Re7 1/2-1/2

[Event "OLNN 2324 Hamburger SK III - SC Königss"]
[Site "?"]
[Date "2024.01.14"]
[Round "4.1"]
[White "Weber, Max"]
[Black "Weihrauch, Jakob"]
[Result "1/2-1/2"]
[WhiteElo "2313"]
[BlackElo "2261"]
[PlyCount "46"]
[EventDate "2024.??.??"]

1. Nf3 Nf6 2. c4 b6 3. g3 e6 4. Bg2 Bb7 5. O-O Be7 6. d4 O-O 7. d5 exd5 8. Nh4 c6 9. cxd5 Nxd5 10. Nf5 Nc7 11. e4 d5 12. Nc3 Bf6 13. exd5 Nxd5 14. Nxd5 cxd5 15. Ne3 Nd7 16. Nxd5 Bxd5 17. Qxd5 Rc8 18. Rd1 Nc5 19. Qf3 Qe8 20. Rb1 Qa4 21. b4 Ne6 22. Qb3 Qxb3 23. axb3 Nd4 1/2-1/2

[Event "OLNN 2324 Hamburger SK III - SC Königss"]
[Site "?"]
[Date "2024.01.14"]
[Round "4.2"]
[White "Bracker, Arne"]
[Black "Zimmermann, Julian"]
[Result "1/2-1/2"]
[WhiteElo "2302"]
[BlackElo "2281"]
[PlyCount "38"]
[EventDate "2024.??.??"]

1. e4 c5 2. Nf3 d6 3. d4 cxd4 4. Nxd4 Nf6 5. Nc3 a6 6. Be2 e5 7. Nb3 Be7 8. Be3 Be6 9. Nd5 Bxd5 10. exd5 O-O 11. a4 a5 12. O-O Nbd7 13. c4 Qc7 14. Nd2 Nc5 15. Nb1 h6 16. Nc3 Nfe4 17. Nxe4 Nxe4 18. Qb1 Nc5 19. b4 axb4 1/2-1/2

[Event "OLNN 2324 Hamburger SK III - SC Königss"]
[Site "?"]
[Date "2024.01.14"]
[Round "4.3"]
[White "Schmidt, Jan-Peter"]
[Black "Gaede, Derek"]
[Result "1/2-1/2"]
[WhiteElo "2264"]
[BlackElo "2278"]
[PlyCount "73"]
[EventDate "2024.??.??"]

1. Nf3 d5 2. e3 Nf6 3. c4 e6 4. Nc3 Bd6 5. b3 O-O 6. Bb2 Re8 7. d4 c5 8. Bd3 cxd4 9. exd4 Nc6 10. O-O e5 11. cxd5 Nxd4 12. h3 a6 13. Re1 Bd7 14. Nxd4 exd4 15. Ne4 Bb4 16. Bxd4 Nxe4 17. Rxe4 Rxe4 18. Bxe4 Qh4 19. Bf3 Bd6 20. Be3 Qf6 21. Bd4 Qh4 22. Rc1 Re8 23. Bb2 Qb4 24. Bc3 Qf4 25. g3 Qh6 26. h4 Qg6 27. Qd2 Bc5 28. Bd4 Bd6 29. Qg5 f6 30. Qxg6 hxg6 31. Kg2 Kf7 32. Be3 Ke7 33. Bb6 Bf5 34. Re1+ Kd7 35. Rxe8 Kxe8 36. Bd1 Be4+ 37. f3 1/2-1/2

[Event "OLNN 2324 Hamburger SK III - SC Königss"]
[Site "?"]
[Date "2024.01.14"]
[Round "4.4"]
[White "Holinka, Henning"]
[Black "Borgmeyer, Max"]
[Result "1-0"]
[WhiteElo "2189"]
[BlackElo "2213"]
[PlyCount "79"]
[EventDate "2024.??.??"]

1. e4 c5 2. Nf3 d6 3. d4 cxd4 4. Nxd4 Nf6 5. Nc3 a6 6. Be2 e5 7. Nb3 Be7 8. O-O O-O 9. Kh1 Nbd7 10. a4 b6 11. Nd5 Bb7 12. Nxe7+ Qxe7 13. f3 d5 14. exd5 Bxd5 15. c4 Be6 16. a5 b5 17. cxb5 axb5 18. Bxb5 Qb4 19. Ba4 Rfb8 20. Bd2 Qh4 21. Ra3 e4 22. Be1 Qh5 23. Bg3 Rd8 24. Bc7 Rdc8 25. Bc6 Ra7 26. Bb6 Nxb6 27. axb6 Rxa3 28. b7 Rf8 29. bxa3 exf3 30. Qd6 fxg2+ 31. Bxg2 Nd7 32. Nd4 Bh3 33. Bf3 Qe5 34. Qxe5 Nxe5 35. Rb1 Rb8 36. a4 Bd7 37. a5 Nxf3 38. a6 Nxd4 39. a7 Bc6+ 40. Kg1 1-0

[Event "OLNN 2324 Hamburger SK III - SC Königss"]
[Site "?"]
[Date "2024.01.14"]
[Round "4.5"]
[White "Skibbe, Willi"]
[Black "Brinkmann, Fabian"]
[Result "0-1"]
[WhiteElo "2189"]
[BlackElo "2162"]
[PlyCount "70"]
[EventDate "2024.??.??"]

1. Nf3 Nf6 2. c4 e6 3. g3 b6 4. Bg2 Bb7 5. O-O Be7 6. d4 d5 7. Ne5 O-O 8. Nc3 Qc8 9. cxd5 Nxd5 10. Nxd5 Bxd5 11. e4 Bb7 12. Be3 Nd7 13. Nd3 Nf6 14. f3 Rd8 15. Qb3 Qd7 16. Ne5 Qe8 17. Rac1 Rac8 18. Rc3 Nd7 19. Nxd7 Qxd7 20. Rfc1 c5 21. dxc5 Bxc5 22. Bxc5 Rxc5 23. Rxc5 bxc5 24. Bf1 Qd4+ 25. Kh1 Qf2 26. Bg2 Rd2 27. Rg1 Rxb2 28. Qa4 g6 29. Qxa7 Qd4 30. a4 Bc6 31. a5 Kg7 32. Qc7 Bb5 33. h4 h6 34. e5 Qf2 35. Qe7 Bf1 0-1

[Event "OLNN 2324 Hamburger SK III - SC Königss"]
[Site "?"]
[Date "2024.01.14"]
[Round "4.6"]
[White "Avdic, Faris"]
[Black "Lampe, Joerg"]
[Result "0-1"]
[WhiteElo "2191"]
[BlackElo "2097"]
[PlyCount "70"]
[EventDate "2024.??.??"]

1. d4 d5 2. Bf4 e6 3. e3 Bd6 4. Bg3 Nf6 5. Nf3 c5 6. Nbd2 Nc6 7. c3 O-O 8. Bd3 Qe7 9. Ne5 Nd7 10. Nxd7 Bxd7 11. Bxd6 Qxd6 12. dxc5 Qxc5 13. Bxh7+ Kxh7 14. Qh5+ Kg8 15. Ne4 Qc4 16. Ng5 Rfd8 17. Qxf7+ Kh8 18. Qh5+ Kg8 19. Rd1 Qxa2 20. e4 Qxb2 21. Qh7+ Kf8 22. Qh8+ Ke7 23. Qxg7+ Kd6 24. exd5 exd5 25. Ne4+ Kc7 26. Qg3+ Kb6 27. O-O dxe4 28. Rb1 Qxb1 29. Rxb1+ Ka6 30. c4 Na5 31. Qa3 Rac8 32. c5 b6 33. cxb6 axb6 34. Qe3 Rc5 35. Qxe4 Bf5 0-1

[Event "OLNN 2324 Hamburger SK III - SC Königss"]
[Site "?"]
[Date "2024.01.14"]
[Round "4.7"]
[White "Langmann, Markus"]
[Black "Zieher, Hartmut"]
[Result "1-0"]
[WhiteElo "2054"]
[BlackElo "2103"]
[PlyCount "95"]
[EventDate "2024.??.??"]

1. e4 e5 2. Nf3 Nc6 3. d4 exd4 4. Nxd4 Nf6 5. Nxc6 bxc6 6. e5 Qe7 7. Qe2 Nd5 8. c4 Nb6 9. Nd2 Bb7 10. b3 O-O-O 11. Bb2 g6 12. f4 Bg7 13. O-O-O Rhe8 14. Qf2 d5 15. Be2 f6 16. Bg4+ Kb8 17. c5 Nd7 18. Bxd7 Rxd7 19. Nf3 fxe5 20. Nxe5 Rdd8 21. Rhe1 Qf8 22. Re2 Bh6 23. g3 g5 24. f5 g4+ 25. Kb1 Ka8 26. f6 Bg5 27. Nxg4 Rxe2 28. Qxe2 Qxc5 29. h4 h5 30. hxg5 hxg4 31. g6 Bc8 32. g7 d4 33. f7 Qf5+ 34. Ka1 Qxf7 35. Bxd4 Be6 36. Qa6 Rxd4 37. Qxc6+ Kb8 38. Qb5+ Kc8 39. Qa6+ Kb8 40. Rxd4 Qxg7 41. Qb5+ Kc8 42. Qc5 Qf6 43. Qxa7 c6 44. Qa8+ Kc7 45. Qa7+ Kc8 46. Kb2 Bd5 47. Qc5 Kc7 48. Ka3 1-0

[Event "OLNN 2324 Hamburger SK III - SC Königss"]
[Site "?"]
[Date "2024.01.14"]
[Round "4.8"]
[White "Kastek, Thomas"]
[Black "Schroeter, Baldur"]
[Result "1-0"]
[WhiteElo "2154"]
[BlackElo "2014"]
[PlyCount "79"]
[EventDate "2024.??.??"]

1. d4 Nf6 2. c4 Nc6 3. Nf3 e6 4. Nc3 Bb4 5. Bd2 d6 6. Qc2 e5 7. dxe5 dxe5 8. a3 Bxc3 9. Bxc3 Qe7 10. e3 O-O 11. Be2 Re8 12. O-O Bg4 13. h3 Bh5 14. Rfd1 Rad8 15. Rxd8 Rxd8 16. Rd1 Rxd1+ 17. Qxd1 h6 18. Nxe5 Nxe5 19. Bxh5 Nxc4 20. Bf3 c6 21. Qa4 Ne5 22. Be2 a6 23. Qd4 Ned7 24. Qa7 Nf8 25. Bxa6 Ne4 26. Qxb7 Qd6 27. Qb3 Ne6 28. Bc4 N6c5 29. Qc2 Nxc3 30. Qxc3 Qd1+ 31. Bf1 Na4 32. Qxc6 Nxb2 33. Qe8+ Kh7 34. Qxf7 Qa1 35. Qb3 Nd1 36. Bd3+ g6 37. Qf7+ Kh8 38. Qe8+ Kg7 39. Qxg6+ Kf8 40. Qxh6+ 1-0